000 00989nam a2200253Ia 4500
003 OSt
005 20220923224115.0
006 a|||||r|||| 00| 0
007 ta
008 220922b |||||||| |||| 00| 0 hin d
024 _a225,712
037 _cTextual
040 _aARTS
_cARTS
_bhin
041 _2hin
_ahin
082 _aO152,1x, P1
100 _aबच्चन सिंह, संपा.
245 0 _aकविता का शुक्लपक्ष
_b ये कविताएॅं आचार्य शुक्ल ने उद्धृत कीं
246 _aKavitā kā shuklapakṣha: ye kavitāeॅan āchārya shukla ne uddhṛut kīan....
260 _aनयी दिल्ली
_b राजकमल प्रकाशन
_c2001
300 _a354पृ.
_ccm.
650 _aहिन्दी साहित्य
_9156264
942 _hO152,1x, P1
_cTEXL
_2CC
999 _c369294
_d369294